[Event "Reykjavik op"]
[Site "Reykjavik"]
[Date "2011.03.15"]
[Round "8"]
[White "Ariel, Donny"]
[Black "Byron, Alan M"]
[Result "1-0"]
[WhiteElo "2389"]
[BlackElo "2183"]
[PlyCount "83"]
[EventDate "2011.03.09"]
[EventType "swiss"]
[EventRounds "9"]
[EventCountry "ISL"]
[SourceTitle "CBM 141 Extra"]
[Source "ChessBase"]
[SourceDate "2011.05.03"]
[SourceVersion "1"]
[SourceVersionDate "2011.05.03"]
[SourceQuality "1"]

1. e4 c5 2. Nc3 Nc6 3. f4 g6 4. Nf3 Bg7 5. Bb5 Nd4 6. Bd3 d6 7. Nxd4 cxd4 8. Ne2 e5 9. 0-0 Nf6 10. c3 0-0 11. cxd4 exd4 12. b3 Re8 13. Ng3 h5 14. f5 h4 15. Ne2 g5 16. Bb2 Nxe4 17. Bxe4 Rxe4 18. d3 Re8 19. Nxd4 Be5 20. f6 Bxf6 21. Qf3 Bxd4+ 22. Bxd4 f5 23. Qh5 Re5 24. Qg6+ Kf8 25. Qh7 Qf6 26. Bxe5 dxe5 27. Rac1 f4 28. Rfe1 h3 29. Qc7 e4 30. Rxe4 Bf5 31. Qe5 Qb6+ 32. Rd4 Bd7 33. Qc5+ Qxc5 34. Rxc5 Ke7 35. Rxg5 Bc6 36. gxh3 Kf6 37. h4 f3 38. Rf4+ Ke6 39. h5 Kd6 40. d4 Re8 41. Rf6+ Kc7 42. d5 1-0

[Event "Reykjavik op"]
[Site "Reykjavik"]
[Date "2011.03.12"]
[Round "5.35"]
[White "Ariel, Donny"]
[Black "Herms Agullo, Jordi"]
[Result "1-0"]
[WhiteElo "2389"]
[BlackElo "2098"]
[PlyCount "29"]
[EventDate "2011.03.09"]
[EventType "swiss"]
[EventRounds "9"]
[EventCountry "ISL"]
[SourceTitle "CBM 141 Extra"]
[Source "ChessBase"]
[SourceDate "2011.05.03"]
[SourceVersion "1"]
[SourceVersionDate "2011.05.03"]
[SourceQuality "1"]

1. e4 c5 2. Nf3 d6 3. Nc3 g6 4. d4 cxd4 5. Qxd4 Nf6 6. e5 dxe5 7. Qxd8+ Kxd8 8. Nxe5 Be6 9. Bg5 Bg7 10. 0-0-0+ Nfd7 11. Nxd7 Nxd7 12. Bb5 Bxc3 13. bxc3 Rc8 14. Rhe1 Re8 15. Rxe6 1-0

[Event "Reykjavik op"]
[Site "Reykjavik"]
[Date "2011.03.12"]
[Round "4.37"]
[White "Kryger, Oksana"]
[Black "Ariel, Donny"]
[Result "1/2-1/2"]
[WhiteElo "2204"]
[BlackElo "2389"]
[PlyCount "47"]
[EventDate "2011.03.09"]
[EventType "swiss"]
[EventRounds "9"]
[EventCountry "ISL"]
[SourceTitle "CBM 141 Extra"]
[Source "ChessBase"]
[SourceDate "2011.05.03"]
[SourceVersion "1"]
[SourceVersionDate "2011.05.03"]
[SourceQuality "1"]

1. d4 d5 2. c4 e6 3. Nc3 Nf6 4. Nf3 Be7 5. Bf4 0-0 6. e3 dxc4 7. Bxc4 a6 8. a3 b5 9. Bd3 Bb7 10. h3 c5 11. dxc5 Bxc5 12. 0-0 b4 13. axb4 Bxb4 14. Rc1 Nbd7 15. Ne5 Bxc3 16. Nxd7 Qxd7 17. Rxc3 Rac8 18. Rxc8 Rxc8 19. Be2 Qe7 20. Qb3 Nd5 21. Bf3 Ba8 22. Bg3 Qb7 23. Qxb7 Bxb7 24. Ra1 1/2-1/2

[Event "USA-ch"]
[Site "Seattle"]
[Date "2002.01.08"]
[Round "4"]
[White "Lapshun, Yury"]
[Black "Ariel, Donny"]
[Result "0-1"]
[WhiteElo "2384"]
[BlackElo "2367"]
[PlyCount "82"]
[EventDate "2002.01.05"]
[EventType "swiss"]
[EventRounds "9"]
[EventCountry "USA"]
[SourceTitle "CBM 087"]
[Source "ChessBase"]
[SourceDate "2002.03.21"]
[SourceVersion "1"]
[SourceVersionDate "2002.03.21"]
[SourceQuality "1"]

1. e4 c5 2. Nf3 e6 3. g3 Nc6 4. Bg2 Nf6 5. Qe2 d5 6. e5 Nd7 7. d3 Qc7 8. Bf4 h6 9. h4 g6 10. Nc3 Bg7 11. d4 cxd4 12. Nb5 Qa5+ 13. b4 Qxb4+ 14. c3 Qa5 15. Nd6+ Ke7 16. 0-0 d3 17. Qe3 Qc5 18. Qe1 b6 19. c4 dxc4 20. Be3 Qa5 21. Bd2 Qa4 22. Qe4 Nc5 23. Qf4 Rf8 24. Nxc4 Ba6 25. Rfc1 Rfd8 26. h5 gxh5 27. g4 hxg4 28. Qxg4 Rg8 29. Qh4+ Kd7 30. Qf4 Raf8 31. Rc3 b5 32. Qe3 bxc4 33. Qxc5 Qb5 34. Qd6+ Kc8 35. Bf4 Rd8 36. Qa3 Bf8 37. Qc1 Bb4 38. Rb1 Rxg2+ 39. Kxg2 Qd5 40. Rxb4 Nxb4 41. Qa3 Bb7 0-1

[Event "USA-ch"]
[Site "Seattle"]
[Date "2002.01.05"]
[Round "1"]
[White "Ariel, Donny"]
[Black "Kudrin, Sergey"]
[Result "0-1"]
[WhiteElo "2367"]
[BlackElo "2524"]
[PlyCount "78"]
[EventDate "2002.01.05"]
[EventType "swiss"]
[EventRounds "9"]
[EventCountry "USA"]
[SourceTitle "CBM 087"]
[Source "ChessBase"]
[SourceDate "2002.03.21"]
[SourceVersion "1"]
[SourceVersionDate "2002.03.21"]
[SourceQuality "1"]

1. Nf3 g6 2. c4 Bg7 3. Nc3 c5 4. g3 b6 5. Bg2 Bb7 6. 0-0 Nc6 7. a3 Nf6 8. Rb1 d5 9. d4 dxc4 10. Ne5 Na5 11. Bxb7 Nxb7 12. Qa4+ Nd7 13. Nc6 Qc8 14. d5 Nd8 15. Rd1 a6 16. Nxd8 b5 17. Qc2 Qxd8 18. a4 Qb6 19. Bg5 f6 20. Qe4 0-0 21. Be3 Rfe8 22. axb5 axb5 23. Qe6+ Qxe6 24. dxe6 Nf8 25. Nxb5 Nxe6 26. Rdc1 Reb8 27. Nc3 f5 28. Nd5 Kf7 29. Rxc4 Rxb2 30. Rxb2 Bxb2 31. Nf4 Nxf4 32. gxf4 Ba3 33. f3 Ke6 34. Kf2 Kd5 35. Rc2 Bb4 36. Bc1 c4 37. e4+ Kd4 38. Ke2 c3 39. exf5 gxf5 0-1

[Event "Champions op mixed"]
[Site "USA"]
[Date "1998.??.??"]
[Round "?"]
[White "Ariel, Donny"]
[Black "Shahade, Gregory P"]
[Result "0-1"]
[WhiteElo "2290"]
[BlackElo "2320"]
[PlyCount "48"]
[EventDate "1998.??.??"]
[EventType "swiss"]
[EventRounds "5"]
[EventCountry "USA"]
[SourceTitle "EXT 1999"]
[Source "ChessBase"]
[SourceDate "1998.11.16"]
[SourceVersion "1"]
[SourceVersionDate "1998.11.16"]
[SourceQuality "1"]

1. e4 c5 2. Nc3 Nc6 3. f4 g6 4. Nf3 Bg7 5. d3 d6 6. g3 Rb8 7. Bg2 b5 8. 0-0 e6 9. f5 exf5 10. exf5 Bxf5 11. Nh4 Nce7 12. Nxf5 Nxf5 13. Bc6+ Kf8 14. g4 Nfe7 15. Bg5 Bd4+ 16. Kg2 f6 17. Qf3 Qc8 18. Bd5 h5 19. Bxg8 hxg4 20. Qe4 Nxg8 21. Qxg6 Qe8 22. Qf5 Rxh2+ 23. Kg3 Qh5 24. Qxg4 Kg7 0-1

[Event "USA-ch U20"]
[Site "New York"]
[Date "1998.??.??"]
[Round "8"]
[White "Mulyar, Michael A"]
[Black "Ariel, Donny"]
[Result "1-0"]
[WhiteElo "2380"]
[BlackElo "2290"]
[PlyCount "133"]
[EventDate "1998.07.??"]
[EventType "tourn"]
[EventRounds "9"]
[EventCountry "USA"]
[EventCategory "3"]
[SourceTitle "EXT 1999"]
[Source "ChessBase"]
[SourceDate "1998.11.16"]
[SourceVersion "1"]
[SourceVersionDate "1998.11.16"]
[SourceQuality "1"]

1. c4 e5 2. Nc3 Nc6 3. Nf3 Nf6 4. g3 Bb4 5. Nd5 Be7 6. d3 d6 7. Nxe7 Qxe7 8. Bg2 0-0 9. 0-0 Bd7 10. e4 Rab8 11. Bd2 b5 12. cxb5 Rxb5 13. Bc3 Rd8 14. Qe2 Rbb8 15. h3 Re8 16. Nd2 Nd4 17. Bxd4 exd4 18. b3 Nd5 19. f4 Ne3 20. Rfe1 c5 21. Nc4 Nxg2 22. Qxg2 Bc6 23. g4 Qc7 24. Qf2 a5 25. Rab1 f6 26. Nd2 Qa7 27. Nf3 Qa6 28. Qc2 Bb5 29. Red1 Re7 30. a3 Reb7 31. b4 axb4 32. axb4 Qa4 33. Qc1 Be8 34. e5 Qc6 35. Qc4+ Kh8 36. Rf1 Rxb4 37. Rxb4 Rxb4 38. Qe6 dxe5 39. Qe7 h6 40. fxe5 Rb7 41. Qf8+ Kh7 42. exf6 gxf6 43. Ne5 fxe5 44. Rf6 Qxf6 45. Qxf6 e4 46. dxe4 d3 47. Qf5+ Bg6 48. Qd5 Rb1+ 49. Kf2 Rb2+ 50. Ke1 Re2+ 51. Kd1 Rxe4 52. Qxc5 Re8 53. h4 Kg7 54. h5 Bh7 55. Qc7+ Kg8 56. Qc6 Rf8 57. Qxh6 Rf1+ 58. Kd2 Rf2+ 59. Kc3 d2 60. Qg5+ Kf7 61. Qd5+ Kg7 62. g5 Be4 63. Qd7+ Rf7 64. Qxd2 Rc7+ 65. Kb4 Rb7+ 66. Kc5 Re7 67. Qd8 1-0

[Event "American op"]
[Site "Los Angeles"]
[Date "1996.??.??"]
[Round "4"]
[White "Bisguier, Arthur Bernard"]
[Black "Ariel, Donny"]
[Result "1/2-1/2"]
[WhiteElo "2385"]
[BlackElo "2235"]
[PlyCount "90"]
[EventDate "1996.11.28"]
[EventType "swiss"]
[EventRounds "9"]
[EventCountry "USA"]
[SourceTitle "EXT 2001"]
[Source "ChessBase"]
[SourceDate "2000.11.22"]
[SourceVersion "1"]
[SourceVersionDate "2000.11.22"]
[SourceQuality "1"]

1. d4 Nf6 2. c4 g6 3. Nc3 Bg7 4. e4 d6 5. Bg5 0-0 6. f4 c5 7. d5 Qa5 8. Bd3 Ng4 9. Qd2 Bd4 10. Nd1 Qxd2+ 11. Kxd2 f6 12. Bh4 Nxh2 13. Ne2 Ng4 14. Nxd4 cxd4 15. Nf2 Ne3 16. Nd1 Nxg2 17. Bg3 Bg4 18. Rh2 Bf3 19. Bf1 Bxd1 20. Bxg2 Bg4 21. Rah1 h5 22. Bf2 Nd7 23. Bxd4 a6 24. Bh3 Bxh3 25. Rxh3 Kf7 26. f5 Rh8 27. fxg6+ Kxg6 28. Rb3 b6 29. Bxb6 Nxb6 30. Rxb6 Rhb8 31. Rg1+ Kh6 32. Rxb8 Rxb8 33. Kc3 a5 34. b3 h4 35. a3 Kh5 36. b4 axb4+ 37. axb4 h3 38. c5 dxc5 39. bxc5 Kh4 40. c6 h2 41. Rh1 Kg3 42. Kd4 Kg2 43. Rxh2+ Kxh2 44. e5 fxe5+ 45. Kxe5 Rd8 1/2-1/2